Ma non si può nascere di nuovo? (Record n. 211975)
[ formato base ]
| 000 -LEADER | |
|---|---|
| fixed length control field | 01191nam a2200205Ia 4500 |
| 001 - CONTROL NUMBER | |
| control field | b5202-34500 |
| 003 - CONTROL NUMBER IDENTIFIER | |
| control field | IT-MiCISF |
| 008 - FIXED-LENGTH DATA ELEMENTS--GENERAL INFORMATION | |
| fixed length control field | 161014s9999||||xx |||||||||||||| ||und|| |
| 040 ## - CATALOGING SOURCE | |
| Original cataloging agency | IT-MiCISF |
| Transcribing agency | IT-MiCISF |
| 041 ## - LANGUAGE CODE | |
| Language code of text/sound track or separate title | it |
| 999 ## - SYSTEM CONTROL NUMBERS (KOHA) | |
| Koha Dewey Subclass [OBSOLETE] | si |
| 100 ## - MAIN ENTRY--PERSONAL NAME | |
| Personal name | Pisani Giulia |
| 245 #0 - TITLE STATEMENT | |
| Title | Ma non si può nascere di nuovo? |
| Remainder of title | Ritratti e storie di minori che subiscono violenze in diversi paesi |
| 250 ## - EDITION STATEMENT | |
| Edition statement | 1a ed. |
| 260 ## - PUBLICATION, DISTRIBUTION, ETC. (IMPRINT) | |
| Place of publication, distribution, etc. | Pasian di Prato (UD) |
| Name of publisher, distributor, etc. | Campanotto |
| Date of publication, distribution, etc. | 2001 |
| 300 ## - PHYSICAL DESCRIPTION | |
| Extent | pp. 141 |
| 500 ## - GENERAL NOTE | |
| General note | / abuso-di-minore, abuso-sessuale, infanzia / Nel testo sono presentate le vicende bambini e adolescenti che hanno subito terribili esperienze di vita e di perversione, invece che di amore. Le singole storie sono tratte dalle notizie diffuse dai mezzi di informazione di vari Paesi del mondo. Lo scopo dell'A. è stato quello di raccogliere questi episodi affinché le sofferenze dell'infanzia non siano dimenticate, né si disperdano in labili emozioni. "Ma non si può nascere di nuovo?" è la domanda posta da una bambina brasiliana: si tratta di una domanda a cui è difficile dare una risposta. |
| 650 ## - SUBJECT ADDED ENTRY--TOPICAL TERM | |
| Topical term or geographic name as entry element | Infanzia / maltrattamenti-violenza |
| Relator term | 008 |
| 942 ## - ADDED ENTRY ELEMENTS (KOHA) | |
| Koha item type | LIBRO |
| 957 ## - | |
| -- | 1 |
| 999 ## - SYSTEM CONTROL NUMBERS (KOHA) | |
| -- | 1 |
| Withdrawn status | Lost status | Damaged status | Not for loan | Home library | Current library | Date acquired | Total Checkouts | Full call number | Date last seen | Price effective from | Koha item type | Public note |
|---|---|---|---|---|---|---|---|---|---|---|---|---|
| Buone Condizioni | Not For Loan | CISF - Milano | CISF - Milano | 14/10/2016 | b5202-34500 | 14/10/2016 | 14/10/2016 | LIBRO | Data import 15.10.2016 / by Epidotti, Vaglietti |